000 00731nam a22002657a 4500
003 UA-OsUOA
001 23784
007 ta
008 20040128b un ||||| |||| 00| 0 ukr d
100 _aАндрощук Г.А.
700 _aРаботягова Л.И.
090 _a347.77(075.8)
_bА66
942 _cBK
040 _aUA-OsUOA
_brus
_cUA-OsUOA
_dUA-OsUOA
245 _aПатентное право: правовая охрана изобретений
_bУчебное пособие
300 _a232 с.
_bІлюстрації
955 _a0
041 _arus
080 _a347.77(075.8)
020 _a966-608-111-3
260 _aКиев
_bМАУП
_c2001
044 _aRU
650 7 _2UDC
999 _c310043
_d310043